| 000 | 00940cam a2200313 4500 | ||
|---|---|---|---|
| 001 | M1813 | ||
| 008 | 090401t1995 xxu||||| |||| 00| 0 eng d | ||
| 035 | _a(Sirsi) u34671 | ||
| 041 | _aeng | ||
| 050 | _a333.73 | ||
| 110 |
_aUnited Kingdom _bDepartment of the Environment _9982 |
||
| 245 | _aPrioritisation and categorisation procedure for sites which may be contaminated. | ||
| 260 |
_aLondon _bDepartment of the Environment _c1995 |
||
| 300 | _aii,15,11p. ; 30cm. | ||
| 350 | _a7 | ||
| 490 |
_aContaminated Land Research Report _v6 |
||
| 490 |
_aCLR Report _v6 |
||
| 520 | _aPrepared by M.J. Carter Associates. | ||
| 650 | _aCONTAMINATED LAND | ||
| 650 | _aCONTAMINATED WATER | ||
| 650 | _aGROUND WATER | ||
| 650 | _aRISK ASSESSMENT | ||
| 650 | _aSITE SURVEY | ||
| 650 | _aSURFACE WATER | ||
| 690 | _aENVIRONMENTAL AND LAND CONSULTANCY | ||
| 710 |
_aM J Carter Associates _93027 |
||
| 942 | _n0 | ||
| 948 | _c04/03/1997 | ||
| 999 |
_c89979 _d89979 |
||